ბათუმის შოთა რუსთაველის სახელმწიფო უნივერსიტეტის ბიბლიოთეკა

Discourse Analisis (ბიბ.ჩანაწერი № 45714)

000 -LEADER
fixed length control field 00461nam a2200217Ia 4500
001 - CONTROL NUMBER
control field 12541
003 - CONTROL NUMBER IDENTIFIER
control field GE_BSU
008 - FIXED-LENGTH DATA ELEMENTS--GENERAL INFORMATION
fixed length control field 181216s||||||||xx |||||||||||||| ||und||
020 ## - INTERNATIONAL STANDARD BOOK NUMBER
International Standard Book Number 0631208771
040 ## - CATALOGING SOURCE
Transcribing agency GE_BSU
080 ## - UNIVERSAL DECIMAL CLASSIFICATION NUMBER
Universal Decimal Classification number 81'42
100 ## - MAIN ENTRY--PERSONAL NAME
Personal name Johnstone,Barbara
245 ## - TITLE STATEMENT
Title Discourse Analisis
260 ## - PUBLICATION, DISTRIBUTION, ETC.
Place of publication, distribution, etc. Oxford
260 ## - PUBLICATION, DISTRIBUTION, ETC.
Name of publisher, distributor, etc. Blackwell
260 ## - PUBLICATION, DISTRIBUTION, ETC.
Date of publication, distribution, etc. 2002
300 ## - PHYSICAL DESCRIPTION
Extent 269p.23cm.
653 ## - INDEX TERM--UNCONTROLLED
Uncontrolled term Discourse Analisis
942 ## - ADDED ENTRY ELEMENTS (KOHA)
Koha item type წიგნი
ეგზემპლარები
Withdrawn status Lost status Damaged status Not for loan Date acquired Barcode Date last seen Price effective from Koha item type
        2018-12-17 36330 2018-12-17 2018-12-17 წიგნი
        2018-12-17 36331 2018-12-17 2018-12-17 წიგნი
        2018-12-17 36332 2018-12-17 2018-12-17 წიგნი